000 00420nam a2200181Ia 4500
001 14881
005 20260306164946.0
008 260306t2001||||xx |||||||||||||| ||spa||
041 _aESP
082 _a519.5
_bG67
100 _aGonzález-Conde Llopis, Carlos
_eAUT
245 0 _aEstadística
260 _c2001
300 _a259 páginas :
_c29 cm.
650 _aGEN
654 _aCMA
942 _cLIB
_dJUS
_fJUS
_2ddc
_n
999 _c14881
_d14881